[Event "Moravia-Silesia Region-chT 2223"]
[Site "Czech Republic"]
[Date "2022.11.27"]
[Round "4"]
[White "Snyta, Zdenek"]
[Black "Rambousek, Jan"]
[Result "1-0"]
[WhiteElo "1950"]
[BlackElo "1953"]
[PlyCount "101"]
[EventDate "2022.10.09"]
[EventType "team-tourn"]
[EventRounds "11"]
[EventCountry "CZE"]
[SourceTitle "EXT 2024"]
[Source "ChessBase"]
[SourceDate "2023.10.10"]
[SourceVersion "1"]
[SourceVersionDate "2023.10.10"]
[SourceQuality "1"]
[WhiteTeam "Dolni Benesov II"]
[BlackTeam "Opava Slezan"]
[WhiteTeamCountry "CZE"]
[BlackTeamCountry "CZE"]

1. e4 c5 2. g3 d5 3. exd5 Qxd5 4. Nf3 Bg4 5. Be2 Nc6 6. Nc3 Qd7 7. 0-0 e5 8. Re1 Be7 9. d3 Nf6 10. Be3 0-0 11. Ne4 b6 12. Nfg5 Bf5 13. Nxf6+ Bxf6 14. h4 h6 15. Ne4 Be7 16. Bf3 Rad8 17. Nd2 Be6 18. a3 f5 19. Nc4 Bd5 20. Bxd5+ Qxd5 21. Qh5 Bf6 22. Qxf5 Bxh4 23. Qe4 Bf6 24. Qxd5+ Rxd5 25. Kg2 Re8 26. f3 Rc8 27. Rac1 b5 28. Nd2 Na5 29. Ne4 Be7 30. Bd2 Nc6 31. Nc3 Rd7 32. Ne4 Nd4 33. Be3 Nf5 34. Bf2 c4 35. dxc4 Rxc4 36. c3 Rdc7 37. Nd2 R4c6 38. Rxe5 Nd6 39. Rce1 Kf7 40. Rd5 a5 41. Bd4 Rb7 42. Bc5 Bf8 43. Bxd6 Bxd6 44. Ne4 Be7 45. Red1 b4 46. Rxa5 bxa3 47. b4 Bf6 48. Rxa3 Rbc7 49. b5 Rb6 50. c4 Ke7 51. Ra4 1-0

[Event "Ostrava Konik op"]
[Site "Ostrava"]
[Date "2014.05.03"]
[Round "8"]
[White "Hajek, Oskar"]
[Black "Snyta, Zdenek"]
[Result "1-0"]
[WhiteElo "1947"]
[BlackElo "2091"]
[PlyCount "63"]
[EventDate "2014.04.26"]
[EventType "swiss"]
[EventRounds "9"]
[EventCountry "CZE"]
[SourceTitle "CBM 160 Extra"]
[Source "ChessBase"]
[SourceDate "2014.07.01"]
[SourceVersion "1"]
[SourceVersionDate "2014.07.01"]
[SourceQuality "1"]

1. e4 d5 2. exd5 Nf6 3. Bb5+ Bd7 4. Be2 Nxd5 5. d4 e6 6. Nf3 Be7 7. 0-0 0-0 8. c4 Nf6 9. Nc3 c6 10. Bg5 h6 11. Bh4 Nh5 12. Bxe7 Qxe7 13. Ne5 Nf6 14. f4 Rd8 15. g4 Nh7 16. Ne4 Be8 17. c5 Nf6 18. Nd6 Nd5 19. Qd2 f6 20. Nf3 b6 21. b4 Rxd6 22. cxd6 Qxd6 23. g5 Nxf4 24. gxf6 gxf6 25. Kh1 Bh5 26. Rg1+ Kh7 27. Rg3 e5 28. Qc2+ Kh8 29. dxe5 fxe5 30. Rd1 Nd5 31. Rxd5 Qxd5 32. Qf5 1-0

[Event "Ostrava Konik op"]
[Site "Ostrava"]
[Date "2014.05.02"]
[Round "7"]
[White "Snyta, Zdenek"]
[Black "Tylecek, Drahomir"]
[Result "1-0"]
[WhiteElo "2091"]
[BlackElo "1942"]
[PlyCount "83"]
[EventDate "2014.04.26"]
[EventType "swiss"]
[EventRounds "9"]
[EventCountry "CZE"]
[SourceTitle "CBM 160 Extra"]
[Source "ChessBase"]
[SourceDate "2014.07.01"]
[SourceVersion "1"]
[SourceVersionDate "2014.07.01"]
[SourceQuality "1"]

1. e4 e5 2. Nc3 Nc6 3. Bc4 d6 4. d3 Na5 5. Bb3 Nxb3 6. axb3 f5 7. Nge2 Nf6 8. exf5 Bxf5 9. Ng3 Be6 10. 0-0 Be7 11. f4 exf4 12. Bxf4 0-0 13. Qe2 Bg4 14. Qd2 d5 15. h3 Bd7 16. Be5 c6 17. Nf5 Bxf5 18. Rxf5 Bd6 19. Raf1 Bxe5 20. Rxe5 Qb6+ 21. d4 Rae8 22. Qf4 Rxe5 23. Qxe5 Re8 24. Qf4 Qd8 25. Qf5 Qe7 26. Rf3 Ne4 27. Re3 Qf6 28. Qxf6 gxf6 29. g4 Kf7 30. Nxe4 dxe4 31. Kf2 a5 32. Kg3 c5 33. dxc5 Re5 34. c6 bxc6 35. Kf4 Rc5 36. Rc3 Re5 37. Ke3 Kg6 38. Rxc6 Kg5 39. c4 f5 40. gxf5 Kxf5 41. Rh6 Re7 42. Rh5+ 1-0

[Event "Ostrava Konik op-A"]
[Site "Ostrava"]
[Date "2012.04.30"]
[Round "3"]
[White "Snyta, Zdenek"]
[Black "Firt, Stanislav"]
[Result "0-1"]
[WhiteElo "2098"]
[BlackElo "2294"]
[PlyCount "46"]
[EventDate "2012.04.28"]
[EventType "swiss"]
[EventRounds "9"]
[EventCountry "CZE"]
[SourceTitle "CBM 148 Extra"]
[Source "ChessBase"]
[SourceDate "2012.06.22"]
[SourceVersion "1"]
[SourceVersionDate "2012.06.22"]
[SourceQuality "1"]

1. e4 c5 2. g3 Nc6 3. Bg2 g6 4. c3 Bg7 5. d3 e6 6. Be3 b6 7. Ne2 Nge7 8. Qd2 h5 9. d4 cxd4 10. Nxd4 Ba6 11. f4 Rc8 12. Na3 d5 13. 0-0-0 0-0 14. Nac2 Na5 15. Kb1 dxe4 16. Bxe4 Nd5 17. Bxd5 Qxd5 18. Nb3 Qxd2 19. Rxd2 Bb7 20. Rhd1 Nc4 21. Rd7 Bf3 22. Rf1 Be4 23. Bd4 Bxd4 0-1

[Event "Stare Mesto op"]
[Site "Stare Mesto"]
[Date "2011.08.14"]
[Round "4"]
[White "Snyta, Zdenek"]
[Black "Ludvicek, Josef"]
[Result "1-0"]
[WhiteElo "2079"]
[BlackElo "1923"]
[PlyCount "101"]
[EventDate "2011.08.12"]
[EventType "swiss"]
[EventRounds "10"]
[EventCountry "CZE"]
[SourceTitle "CBM 143 Extra"]
[Source "ChessBase"]
[SourceDate "2011.08.29"]
[SourceVersion "1"]
[SourceVersionDate "2011.08.29"]
[SourceQuality "1"]

1. e4 e6 2. d3 c6 3. g3 d5 4. Nd2 g6 5. Bg2 Bh6 6. Ne2 Qb6 7. 0-0 Nd7 8. exd5 cxd5 9. Re1 Ne7 10. Nc4 dxc4 11. Bxh6 Nf5 12. Bd2 cxd3 13. cxd3 0-0 14. Bc3 Qd6 15. Qd2 Re8 16. Rad1 Qa6 17. g4 Ng7 18. Qh6 e5 19. Nf4 Qd6 20. Nd5 Nf6 21. Nxf6+ Qxf6 22. h3 Qd6 23. f4 Bd7 24. Rxe5 Rxe5 25. Bxe5 Qb6+ 26. Kh1 f6 27. Bc3 Bc6 28. Re1 Re8 29. Qh4 Bxg2+ 30. Kxg2 Rxe1 31. Qxe1 Kf7 32. Qe4 Qc6 33. Kf3 Ne6 34. Qxc6 bxc6 35. Ke4 Ke7 36. d4 Kd6 37. Bb4+ Kd7 38. Bd2 Kd6 39. f5 gxf5+ 40. gxf5 Nd8 41. Bb4+ Kd7 42. d5 Nf7 43. dxc6+ Kxc6 44. Bc3 Ng5+ 45. Ke3 h6 46. Bxf6 Nxh3 47. b4 a6 48. a4 Kd5 49. b5 axb5 50. axb5 Kc5 51. Bh4 1-0

[Event "Ostrava Konik op-A"]
[Site "Ostrava"]
[Date "2011.05.05"]
[Round "6"]
[White "Ganaus, Hannes"]
[Black "Snyta, Zdenek"]
[Result "1-0"]
[WhiteElo "2304"]
[BlackElo "2093"]
[PlyCount "67"]
[EventDate "2011.04.30"]
[EventType "swiss"]
[EventRounds "9"]
[EventCountry "CZE"]
[SourceTitle "CBM 142 Extra"]
[Source "ChessBase"]
[SourceDate "2011.06.27"]
[SourceVersion "1"]
[SourceVersionDate "2011.06.27"]
[SourceQuality "1"]

1. Nf3 e6 2. c4 f5 3. g3 Nf6 4. Bg2 Be7 5. 0-0 0-0 6. b3 d6 7. d4 Ne4 8. Bb2 Nd7 9. Qc2 Ng5 10. Nxg5 Bxg5 11. f4 Bh6 12. Nd2 c6 13. e4 g6 14. e5 dxe5 15. dxe5 Qb6+ 16. Kh1 c5 17. Nf3 Rd8 18. Rfd1 Bf8 19. h4 Be7 20. Rd6 Bxd6 21. exd6 Rf8 22. Rd1 Qd8 23. Qc3 Nf6 24. Ne5 Bd7 25. Bxb7 Rb8 26. Bc6 Bc8 27. Kg1 Rb6 28. Qe3 Bb7 29. Bxb7 Rxb7 30. Nc6 Qe8 31. Qxc5 h5 32. Bxf6 Rxf6 33. Ne5 Kg7 34. Qd4 1-0

[Event "Ostrava op"]
[Site "Ostrava"]
[Date "2010.05.09"]
[Round "9"]
[White "Obrusnik, Michal"]
[Black "Snyta, Zdenek"]
[Result "1-0"]
[WhiteElo "2180"]
[BlackElo "2065"]
[PlyCount "57"]
[EventDate "2010.05.01"]
[EventType "swiss"]
[EventRounds "9"]
[EventCountry "CZE"]
[SourceTitle "EXT 2011"]
[Source "ChessBase"]
[SourceDate "2010.11.26"]
[SourceVersion "1"]
[SourceVersionDate "2010.11.26"]
[SourceQuality "1"]

1. e4 d5 2. exd5 Nf6 3. d4 Nxd5 4. c4 Nb6 5. Nf3 g6 6. Nc3 Bg7 7. h3 0-0 8. Be3 Nc6 9. Qd2 Re8 10. 0-0-0 Nd7 11. g4 b6 12. Be2 Bb7 13. h4 e5 14. d5 Ne7 15. h5 Nf8 16. Bh6 e4 17. hxg6 Nexg6 18. Nd4 Bc8 19. Bxg7 Kxg7 20. Nf5+ Kh8 21. Qd4+ f6 22. Nxe4 c5 23. Qe3 Bxf5 24. gxf5 Qe7 25. fxg6 Qxe4 26. g7+ Kxg7 27. Qh6+ Kh8 28. Qxf6+ Kg8 29. Bd3 1-0

[Event "Ostrava op"]
[Site "Ostrava"]
[Date "2010.05.07"]
[Round "7"]
[White "Zemlicka, Vit"]
[Black "Snyta, Zdenek"]
[Result "0-1"]
[WhiteElo "1920"]
[BlackElo "2065"]
[PlyCount "98"]
[EventDate "2010.05.01"]
[EventType "swiss"]
[EventRounds "9"]
[EventCountry "CZE"]
[SourceTitle "EXT 2011"]
[Source "ChessBase"]
[SourceDate "2010.11.26"]
[SourceVersion "1"]
[SourceVersionDate "2010.11.26"]
[SourceQuality "1"]

1. e4 d5 2. exd5 Nf6 3. c4 e6 4. dxe6 Bxe6 5. Nf3 Nc6 6. d4 Bb4+ 7. Nc3 Bg4 8. Qe2+ Be7 9. d5 Nd4 10. Qd3 Nxf3+ 11. gxf3 Bh5 12. Bf4 0-0 13. 0-0-0 Bc5 14. Be2 Bxf2 15. Ne4 Bg6 16. Bg5 Re8 17. Qc2 Nxe4 18. Bxd8 Be3+ 19. Kb1 Nf2 20. Bd3 Nxd3 21. Rxd3 Raxd8 22. Ka1 Bf4 23. Qd1 Bxd3 24. Qxd3 Re3 25. Qd1 Rde8 26. a4 Bxh2 27. Ka2 Bd6 28. Qc2 g6 29. Rd1 b6 30. Rd3 Re2 31. Rd2 R2e7 32. Rd4 f5 33. Rd2 Bb4 34. Rg2 Kf8 35. Qd3 Bd6 36. a5 Re3 37. Qd4 Kf7 38. Qh4 Kg8 39. Qf6 Be5 40. Qc6 Bd6 41. a6 Rb8 42. Qd7 Kh8 43. Qc6 Re7 44. Qa4 Kg7 45. Qb5 h5 46. c5 Bxc5 47. d6 cxd6 48. b4 Bd4 49. Qxf5 Re2+ 0-1

[Event "Ostrava op"]
[Site "Ostrava"]
[Date "2010.05.06"]
[Round "6"]
[White "Snyta, Zdenek"]
[Black "Rakus, Pavel"]
[Result "0-1"]
[WhiteElo "2065"]
[BlackElo "2130"]
[PlyCount "78"]
[EventDate "2010.05.01"]
[EventType "swiss"]
[EventRounds "9"]
[EventCountry "CZE"]
[SourceTitle "EXT 2011"]
[Source "ChessBase"]
[SourceDate "2010.11.26"]
[SourceVersion "1"]
[SourceVersionDate "2010.11.26"]
[SourceQuality "1"]

1. e4 c5 2. g3 Nc6 3. Bg2 d6 4. c3 e5 5. d3 g6 6. Nh3 Bg7 7. Bg5 Nge7 8. Qd2 h6 9. Be3 Be6 10. f4 Qd7 11. Nf2 f5 12. 0-0 exf4 13. gxf4 g5 14. fxg5 hxg5 15. Bxg5 0-0-0 16. exf5 Bxf5 17. Na3 Be5 18. h4 Rdg8 19. Nc4 Bg3 20. Ne4 Bxe4 21. dxe4 Bxh4 22. Nxd6+ Kb8 23. Bf4 Ka8 24. Rad1 Rxg2+ 25. Qxg2 Rg8 26. Qxg8+ Nxg8 27. Nf5 Qh7 28. Kg2 Qg6+ 29. Kf3 Qh5+ 30. Ke3 Bg5 31. Rh1 Bxf4+ 32. Kxf4 Qe2 33. Rdg1 Qf2+ 34. Kg5 a6 35. Rg4 Ne5 36. Rh8 Nf7+ 37. Kg6 Nxh8+ 38. Kg7 Qf3 39. Rg5 Qf4 0-1

[Event "Ostrava op"]
[Site "Ostrava"]
[Date "2010.05.05"]
[Round "5"]
[White "Blecha, Zdenek"]
[Black "Snyta, Zdenek"]
[Result "0-1"]
[WhiteElo "1925"]
[BlackElo "2065"]
[PlyCount "34"]
[EventDate "2010.05.01"]
[EventType "swiss"]
[EventRounds "9"]
[EventCountry "CZE"]
[SourceTitle "EXT 2011"]
[Source "ChessBase"]
[SourceDate "2010.11.26"]
[SourceVersion "1"]
[SourceVersionDate "2010.11.26"]
[SourceQuality "1"]

1. e4 d5 2. exd5 Nf6 3. c4 e6 4. dxe6 Bxe6 5. Nf3 Nc6 6. a3 Bc5 7. d3 Ng4 8. Be3 Nxe3 9. fxe3 Bxe3 10. Qe2 Nd4 11. Nxd4 Bxd4 12. Nc3 0-0 13. 0-0-0 Qg5+ 14. Kc2 Bg4 15. Qe4 Bxc3 16. bxc3 Bxd1+ 17. Kxd1 Rfe8 0-1

[Event "CZE-chT2F 0910"]
[Site "Czech Republic"]
[Date "2009.12.06"]
[Round "4.4"]
[White "Soban, Jaroslav"]
[Black "Snyta, Zdenek"]
[Result "1/2-1/2"]
[WhiteElo "2146"]
[BlackElo "2091"]
[PlyCount "75"]
[EventDate "2009.10.18"]
[EventType "team-tourn"]
[EventRounds "11"]
[EventCountry "CZE"]
[SourceTitle "EXT 2012"]
[Source "ChessBase"]
[SourceDate "2011.11.24"]
[SourceVersion "1"]
[SourceVersionDate "2011.11.24"]
[SourceQuality "1"]
[WhiteTeam "Grygov II"]
[BlackTeam "Dobra"]
[WhiteTeamCountry "CSR"]
[BlackTeamCountry "CZE"]

1. c4 e6 2. Nc3 d5 3. e3 Nf6 4. Nf3 Be7 5. b3 0-0 6. Bb2 b6 7. Be2 dxc4 8. bxc4 c5 9. 0-0 Nc6 10. d4 Ba6 11. Qa4 Na5 12. Rfd1 Qe8 13. Nb5 Ne4 14. Qc2 Bxb5 15. cxb5 f5 16. Bd3 Bf6 17. Bxe4 fxe4 18. Qxe4 Nc4 19. Rab1 Nxb2 20. Rxb2 Rd8 21. a4 cxd4 22. exd4 Qd7 23. Rc2 Qd5 24. Qxd5 Rxd5 25. Re1 Bxd4 26. Rxe6 Bc5 27. Rce2 Kf7 28. R2e5 Rd1+ 29. Re1 Rfd8 30. Kf1 Bb4 31. Rxd1 Rxd1+ 32. Ke2 Ra1 33. Re4 Ra2+ 34. Kd3 Bd6 35. Nd2 g5 36. g3 Bc5 37. f4 g4 38. Rc4 1/2-1/2

[Event "Ostrava op"]
[Site "Ostrava"]
[Date "2009.05.06"]
[Round "5"]
[White "Kriebel, Tadeas"]
[Black "Snyta, Zdenek"]
[Result "1-0"]
[WhiteElo "2035"]
[BlackElo "2120"]
[PlyCount "95"]
[EventDate "2009.05.02"]
[EventType "swiss"]
[EventRounds "9"]
[EventCountry "CZE"]
[SourceTitle "EXT 2011"]
[Source "ChessBase"]
[SourceDate "2010.11.26"]
[SourceVersion "1"]
[SourceVersionDate "2010.11.26"]
[SourceQuality "1"]

1. d4 Nf6 2. Nf3 e6 3. c4 b6 4. Nc3 Bb7 5. a3 d5 6. cxd5 Nxd5 7. e3 Be7 8. Bb5+ c6 9. Bd3 0-0 10. e4 Nxc3 11. bxc3 c5 12. 0-0 Ba6 13. Bxa6 Nxa6 14. Qd3 Qc8 15. Bg5 Bxg5 16. Nxg5 h6 17. Nf3 Rd8 18. Ne5 Qb7 19. Qe3 Rac8 20. Rad1 Qe7 21. d5 exd5 22. exd5 Re8 23. d6 Qxe5 24. d7 Qb8 25. dxe8Q+ Rxe8 26. Qd3 Nc7 27. Qd6 Nb5 28. Qxb8 Rxb8 29. c4 Nxa3 30. Rc1 b5 31. cxb5 Rxb5 32. Ra1 Rb3 33. Rfe1 c4 34. Re3 c3 35. Re8+ Kh7 36. Rc8 a5 37. Kf1 a4 38. Ke2 Rb2+ 39. Kd3 Nb5 40. Rxa4 Rxf2 41. Rg4 f5 42. Rg3 Rd2+ 43. Ke3 g5 44. Rh3 f4+ 45. Kf3 Nd4+ 46. Ke4 Nb5 47. Ke5 Rxg2 48. Kf6 1-0

[Event "Ostrava op"]
[Site "Ostrava"]
[Date "2009.05.04"]
[Round "3"]
[White "Dvorak, Vladimir"]
[Black "Snyta, Zdenek"]
[Result "0-1"]
[WhiteElo "2030"]
[BlackElo "2120"]
[PlyCount "152"]
[EventDate "2009.05.02"]
[EventType "swiss"]
[EventRounds "9"]
[EventCountry "CZE"]
[SourceTitle "EXT 2011"]
[Source "ChessBase"]
[SourceDate "2010.11.26"]
[SourceVersion "1"]
[SourceVersionDate "2010.11.26"]
[SourceQuality "1"]

1. e4 d5 2. exd5 Nf6 3. Bb5+ Bd7 4. Be2 Nxd5 5. d4 e6 6. Nf3 Bd6 7. 0-0 0-0 8. Re1 b5 9. b3 a5 10. c4 bxc4 11. bxc4 Nf4 12. c5 Nxe2+ 13. Qxe2 Be7 14. Nc3 Bc6 15. Bf4 Na6 16. Rad1 Nb4 17. Ne5 Bb7 18. c6 Ba6 19. Nb5 Qd5 20. a4 Rfd8 21. Qg4 Bxb5 22. axb5 Qxb5 23. Nxf7 Rf8 24. Nh6+ Kh8 25. Be5 Bf6 26. Qxe6 Qd5 27. Qxd5 Nxd5 28. Ng4 Ra6 29. Ra1 h5 30. Ne3 Nb4 31. Bxf6 Rxf6 32. d5 Rd6 33. Red1 Rd8 34. Kf1 a4 35. Rd4 Rb8 36. Rb1 Nxc6 37. Rxb8+ Nxb8 38. Rb4 Nd7 39. Nc2 a3 40. Rb7 Nf6 41. Rxc7 Nxd5 42. Rc5 Nf6 43. Ke2 a2 44. Na1 Kh7 45. f3 Kh6 46. h4 Rb6 47. Rc2 Nd5 48. Kd2 Rg6 49. Ke1 Ne3 50. Rxa2 Nxg2+ 51. Kf2 Nxh4 52. Ra4 Rg2+ 53. Ke3 Nf5+ 54. Kf4 g6 55. Nb3 Rh2 56. Ra1 Rh4+ 57. Ke5 Rb4 58. Nd2 Nh4 59. Rf1 g5 60. Rc1 Rf4 61. Rc6+ Ng6+ 62. Ke6 h4 63. Rc1 Kh5 64. Rg1 Rd4 65. Ne4 Nf4+ 66. Kf7 Rxe4 67. fxe4 h3 68. Kf6 g4 69. Kf5 Ng2 70. e5 g3 71. e6 Nh4+ 72. Ke4 h2 73. e7 hxg1Q 74. e8Q+ Ng6 75. Qg8 Qe1+ 76. Kd4 g2 0-1

[Event "Stare Mesto op"]
[Site "Stare Mesto"]
[Date "2008.08.15"]
[Round "9"]
[White "Bazant, Petr Sr"]
[Black "Snyta, Zdenek"]
[Result "1-0"]
[WhiteElo "2319"]
[BlackElo "2121"]
[PlyCount "75"]
[EventDate "2008.08.08"]
[EventType "swiss"]
[EventRounds "10"]
[EventCountry "CZE"]
[SourceTitle "CBM 125 Extra"]
[Source "ChessBase"]
[SourceDate "2008.09.01"]
[SourceVersion "1"]
[SourceVersionDate "2008.09.01"]
[SourceQuality "1"]

1. d4 Nf6 2. c4 e6 3. Nc3 Bb4 4. Qc2 d5 5. cxd5 exd5 6. Bg5 0-0 7. e3 h6 8. Bh4 c5 9. Bd3 Nc6 10. Nge2 cxd4 11. exd4 Be7 12. a3 Be6 13. 0-0 Rc8 14. Rad1 Kh8 15. Qd2 Ng8 16. Bxe7 Qxe7 17. Bb1 Rcd8 18. Nf4 a6 19. Rfe1 Qg5 20. h4 Qf6 21. Qd3 g6 22. Nxe6 fxe6 23. Qxg6 Qxg6 24. Bxg6 Rd6 25. Bf7 Nd8 26. Bxg8 Kxg8 27. Re3 b5 28. g4 Rc6 29. b3 Rc7 30. Kg2 Kg7 31. Ne2 Rc2 32. Nf4 Ra2 33. Rc1 Rxa3 34. Rc7+ Kg8 35. Ng6 e5 36. Ne7+ Kh8 37. dxe5 d4 38. Rf3 1-0

[Event "Stare Mesto op"]
[Site "Stare Mesto"]
[Date "2008.08.14"]
[Round "8"]
[White "Snyta, Zdenek"]
[Black "Cajka, Tibor"]
[Result "1-0"]
[WhiteElo "2121"]
[BlackElo "1847"]
[PlyCount "79"]
[EventDate "2008.08.08"]
[EventType "swiss"]
[EventRounds "10"]
[EventCountry "CZE"]
[SourceTitle "CBM 125 Extra"]
[Source "ChessBase"]
[SourceDate "2008.09.01"]
[SourceVersion "1"]
[SourceVersionDate "2008.09.01"]
[SourceQuality "1"]

1. e4 e6 2. d3 d5 3. Nd2 c5 4. f4 g6 5. g3 Bg7 6. Bg2 Nc6 7. Nh3 Nge7 8. Nf2 0-0 9. 0-0 b5 10. g4 f5 11. gxf5 exf5 12. e5 Qe8 13. Nf3 d4 14. c3 Rb8 15. cxd4 cxd4 16. Qb3+ Kh8 17. Bd2 h6 18. Rac1 a6 19. Rc5 Bb7 20. Rfc1 Qd7 21. Nh4 Kh7 22. Nf3 Rfc8 23. h4 Nd8 24. Kh2 Ne6 25. Rxc8 Rxc8 26. Rxc8 Bxc8 27. Kg3 Bb7 28. Nh3 Bf8 29. Qxe6 Qxe6 30. Nfg5+ hxg5 31. Nxg5+ Kg8 32. Nxe6 Bxg2 33. Kxg2 Nd5 34. a3 Be7 35. Kg3 Kf7 36. Nxd4 Bc5 37. Nc2 Ke6 38. Kf3 Bb6 39. Be3 Bd8 40. h5 1-0

[Event "Stare Mesto op"]
[Site "Stare Mesto"]
[Date "2008.08.12"]
[Round "6"]
[White "Snyta, Zdenek"]
[Black "Hrabusa, Matej"]
[Result "1/2-1/2"]
[WhiteElo "2121"]
[BlackElo "2246"]
[PlyCount "84"]
[EventDate "2008.08.08"]
[EventType "swiss"]
[EventRounds "10"]
[EventCountry "CZE"]
[SourceTitle "CBM 125 Extra"]
[Source "ChessBase"]
[SourceDate "2008.09.01"]
[SourceVersion "1"]
[SourceVersionDate "2008.09.01"]
[SourceQuality "1"]

1. e4 e5 2. Nc3 Nf6 3. f4 d5 4. fxe5 Nxe4 5. Nf3 Be7 6. Be2 0-0 7. 0-0 c5 8. d3 Nxc3 9. bxc3 d4 10. Qe1 Nc6 11. Qg3 Kh8 12. c4 Qc7 13. Bf4 Be6 14. Rf2 a6 15. Raf1 Rg8 16. Ng5 Bxg5 17. Qxg5 Qd8 18. Qh5 g5 19. Bg3 Rg7 20. Rf6 Qg8 21. Bg4 Nb4 22. Bxe6 fxe6 23. Rf7 Nxc2 24. Rxg7 Qxg7 25. Rf7 Qg6 26. Qf3 Kg8 27. Rf6 Qg7 28. Rxe6 Rf8 29. Rf6 Ne3 30. Bf2 Rxf6 31. exf6 Qf7 32. Bxe3 dxe3 33. a4 Qe6 34. Kf1 Kf7 35. Qxb7+ Kxf6 36. Ke2 Qd6 37. g3 a5 38. Qxh7 Qb8 39. Qh6+ Kf5 40. Qc6 Qb2+ 41. Kxe3 Qc1+ 42. Ke2 Qc2+ 1/2-1/2

[Event "Stare Mesto op"]
[Site "Stare Mesto"]
[Date "2008.08.10"]
[Round "3"]
[White "Snyta, Zdenek"]
[Black "Parligras, Cosmin"]
[Result "0-1"]
[WhiteElo "2121"]
[BlackElo "2271"]
[PlyCount "50"]
[EventDate "2008.08.08"]
[EventType "swiss"]
[EventRounds "10"]
[EventCountry "CZE"]
[SourceTitle "CBM 125 Extra"]
[Source "ChessBase"]
[SourceDate "2008.09.01"]
[SourceVersion "1"]
[SourceVersionDate "2008.09.01"]
[SourceQuality "1"]

1. e4 c6 2. Nc3 d5 3. Nf3 Bg4 4. h3 Bh5 5. exd5 cxd5 6. d4 Nc6 7. g4 Bg6 8. Ne5 e6 9. h4 f6 10. Nxc6 bxc6 11. Qe2 Bf7 12. Qa6 Qc7 13. Bf4 e5 14. Bg3 Bd6 15. Be2 Ne7 16. 0-0 Rd8 17. dxe5 fxe5 18. Rae1 0-0 19. Bd1 e4 20. Bxd6 Rxd6 21. Ne2 Rf6 22. Qa3 Rf3 23. Qc5 Ng6 24. Nd4 Rh3 25. f4 exf3 0-1

[Event "Tabor op"]
[Site "Tabor"]
[Date "2008.08.02"]
[Round "8"]
[White "Snyta, Zdenek"]
[Black "Meszaros, Ludek"]
[Result "1-0"]
[WhiteElo "2121"]
[BlackElo "2229"]
[PlyCount "115"]
[EventDate "2008.07.26"]
[EventType "swiss"]
[EventRounds "9"]
[EventCountry "CZE"]
[SourceTitle "CBM 125 Extra"]
[Source "ChessBase"]
[SourceDate "2008.09.01"]
[SourceVersion "1"]
[SourceVersionDate "2008.09.01"]
[SourceQuality "1"]

1. e4 g6 2. g3 Bg7 3. Bg2 d6 4. d3 Nf6 5. Nh3 c6 6. c3 d5 7. e5 Nfd7 8. d4 f6 9. Nf4 Nf8 10. exf6 Bxf6 11. 0-0 Ne6 12. Nxe6 Bxe6 13. Bh6 Na6 14. Qe2 Qd7 15. Re1 Bg4 16. Qe3 0-0-0 17. Nd2 Rhe8 18. Nf3 Nc7 19. Ne5 Bxe5 20. Qxe5 Qf5 21. Re3 Qxe5 22. Rxe5 Rd6 23. h3 Bf5 24. g4 Bd7 25. f4 Re6 26. Rf1 Rxe5 27. fxe5 Be6 28. Kh2 Kd7 29. Kg3 b6 30. Bf3 c5 31. Bd1 c4 32. h4 b5 33. Rh1 Rg8 34. Rf1 a5 35. h5 gxh5 36. g5 Bg4 37. Bxg4+ hxg4 38. Rf7 b4 39. Bf8 bxc3 40. bxc3 Nb5 41. Bxe7 Kc8 42. Rxh7 Nxc3 43. Kxg4 Ne2 44. Bc5 c3 45. Re7 Kd8 46. Ra7 Rg6 47. Rxa5 Ke8 48. Kf5 c2 49. Ba3 Rc6 50. Ra8+ Kd7 51. e6+ Kc7 52. e7 Nxd4+ 53. Kg4 Rc4 54. e8Q Nb5+ 55. Kh5 Nxa3 56. Rc8+ Kb6 57. Qe3+ d4 58. Qb3+ 1-0

[Event "Tabor op"]
[Site "Tabor"]
[Date "2008.07.31"]
[Round "6"]
[White "Lechtynsky, Jiri"]
[Black "Snyta, Zdenek"]
[Result "1-0"]
[WhiteElo "2451"]
[BlackElo "2121"]
[PlyCount "45"]
[EventDate "2008.07.26"]
[EventType "swiss"]
[EventRounds "9"]
[EventCountry "CZE"]
[SourceTitle "CBM 125 Extra"]
[Source "ChessBase"]
[SourceDate "2008.09.01"]
[SourceVersion "1"]
[SourceVersionDate "2008.09.01"]
[SourceQuality "1"]

1. d4 Nf6 2. Nf3 e6 3. c4 b6 4. Nc3 Bb7 5. Bg5 Be7 6. e3 Ne4 7. Bxe7 Qxe7 8. Qc2 Nxc3 9. Qxc3 Na6 10. a3 0-0 11. Be2 c5 12. Rd1 Rac8 13. 0-0 Rfd8 14. d5 exd5 15. cxd5 d6 16. Bd3 Nc7 17. e4 f6 18. Rfe1 g6 19. Re3 Rf8 20. Nh4 Qe5 21. Qc1 Ne8 22. Rg3 Rc7 23. Nf5 1-0

[Event "Moravia-Silesia Region-chT 0708"]
[Site "Czech Republic"]
[Date "2008.03.09"]
[Round "9.1"]
[White "Snyta, Zdenek"]
[Black "Stukner, Simon"]
[Result "0-1"]
[WhiteElo "2134"]
[BlackElo "2057"]
[PlyCount "77"]
[EventDate "2007.10.28"]
[EventType "team-tourn"]
[EventRounds "11"]
[EventCountry "CZE"]
[SourceTitle "EXT 2024"]
[Source "ChessBase"]
[SourceDate "2023.10.10"]
[SourceVersion "1"]
[SourceVersionDate "2023.10.10"]
[SourceQuality "1"]

1. e4 c5 2. g3 g6 3. Bg2 Bg7 4. Ne2 Nc6 5. c3 d6 6. Na3 Nf6 7. Nc2 0-0 8. 0-0 Be6 9. Re1 c4 10. d4 cxd3 11. Qxd3 Ne5 12. Qd1 Bg4 13. Ncd4 Qc8 14. f4 Nc6 15. Qd3 Rd8 16. Be3 Na5 17. b3 e5 18. Nf3 d5 19. Nxe5 dxe4 20. Qb5 Nc6 21. Nxg4 Nxg4 22. Bh3 Rd3 23. Bxg4 Qxg4 24. Qxb7 Rc8 25. f5 Rcd8 26. fxg6 Qxg6 27. Nf4 Qd6 28. Nxd3 exd3 29. Rf1 Qe6 30. Bd2 Rb8 31. Qa6 Qd5 32. Qa4 Qc5+ 33. Rf2 Bxc3 34. Bxc3 Qxc3 35. Qg4+ Qg7 36. Qxg7+ Kxg7 37. Kg2 Rd8 38. Rd2 f6 39. Rc1 0-1

[Event "Moravia-Silesia Region-chT 0708"]
[Site "Czech Republic"]
[Date "2008.??.??"]
[Round "5.2"]
[White "Dabrowski, Jaroslaw"]
[Black "Snyta, Zdenek"]
[Result "0-1"]
[WhiteElo "1954"]
[BlackElo "2134"]
[PlyCount "77"]
[EventDate "2007.10.28"]
[EventType "team-tourn"]
[EventRounds "11"]
[EventCountry "CZE"]
[SourceTitle "EXT 2024"]
[Source "ChessBase"]
[SourceDate "2023.10.10"]
[SourceVersion "1"]
[SourceVersionDate "2023.10.10"]
[SourceQuality "1"]

1. d4 Nf6 2. Bg5 Ne4 3. Bf4 d5 4. e3 e6 5. c3 Nd7 6. Nf3 g5 7. Bg3 h5 8. h3 Nxg3 9. fxg3 Bd6 10. Ne5 Nxe5 11. dxe5 Bxe5 12. g4 Bg3+ 13. Kd2 h4 14. Qf3 e5 15. Bb5+ c6 16. Ba4 Be6 17. Rf1 Qe7 18. Na3 0-0-0 19. Qf6 Kd7 20. Bc2 Qxf6 21. Rxf6 Ke7 22. Rff1 d4 23. cxd4 exd4 24. e4 b5 25. Bd3 a6 26. Nc2 c5 27. b3 c4 28. Nb4 cxd3 29. Nc6+ Kd6 30. Nxd8 Rxd8 31. Kxd3 Bf4 32. Rf2 Rc8 33. Rc2 Rxc2 34. Kxc2 Ke5 35. Kd3 Bd7 36. a4 Bc6 37. axb5 Bxb5+ 38. Kc2 Kxe4 39. Kd1 0-1